LDR 00756naa#a2200229#i#450# 001 EN\\bibl\123065 005 20260516025446.6 011 ## _a3034-4689 100 ## _a20260508b2026####ek#y0engy0150####ca 102 ## _aRU 200 1# _aSTUDY OF THE CATALYTIC PROPERTIES OF ELECTRODES WITH AN ACTIVE ELECTROCATALYTIC COATING BASED ON A MIXTURE OF PALLADIUM, RUTENIUM, AND IRIDIUM OXIDES _eJournal article 210 1# _aKazan _cKazan National Research Technological University _d2026 215 ## _a5 с. 608 ## _aJournal article _2local 700 #1 _aCherkesov _gA. Yu. 700 #1 _aKorolev _gD. V. 700 #1 _a _g 700 #1 _aLiplyavka _gMiroslav Viktorovich 700 #1 _aOstaniy _gI. D. 700 #1 _aDenisova _gI. A. 700 #1 _aLipkin _gS. M. 856 4# _avestniktu.ru _u